• 首页
  • 本馆介绍
  • 公告通知
  • 最新文献
  • 馆藏检索
  • 电子资源
  • 读者导购
  • 参考咨询
  • 我的图书馆
  • 登录
  • 详细信息显示
  • 放入我的书架
  • 预约/预借图书
  • 作者相关作品
  • 分类相关作品
  • 丛书相关作品
  • 出版社相关作品

书目信息

  • 表格格式
  • 工作单格式
  • 卡片格式
题名:
谈谈科技干部的业务考核
    
 
作者: 黄林根 编
分册:  
出版信息: 北京   新时代出版社  1983
页数: 159页
开本: 19cm
丛书名:
单 册:
中图分类: G316
科图分类:
主题词: 科学工作者--业务--考核
电子资源:
ISBN:
000 00618nam0 2200229 45
001 0183009572
005 20060810160012.62
010    @dCNY0.69
091    @a15241.21
100    @a19950525d1983 em y0chiy0121 ea
101 0  @achi
102    @aCN@b110000
105    @ay z 000yy
200 10 @a谈谈科技干部的业务考核@Atan tan ke ji gan bu de ye wu kao he@f黄林根编
210    @a北京@c新时代出版社@d1983
215    @a159页@d19cm
606    @a科学工作者@x业务@x考核
690    @aG316@v3
701  0 @a黄林根@Ahuang lin gen@4编
801  2 @aCN@bNLC@c20060810
801  0 @aCN@b上海图书馆@c20040430
905    @dG316@e4
    
    谈谈科技干部的业务考核/黄林根编.-北京:新时代出版社,1983
    159页;19cm
    
    
    ISBN :CNY0.69
    
●
相关链接 在E读中查询图书 在五车中查询图书 在当当中查询图书 在豆瓣中查询图书


正题名:谈谈科技干部的业务考核     索取号:G316/4         预约/预借

序号 登录号 条形码 馆藏地/架位号 状态 备注
1 0171653   000985946   密集书库/ [索取号:G316/4] 在馆    
2 0171654   000985955   密集书库/ [索取号:G316/4] 在馆    
3 0171655   000985991   密集书库/ [索取号:G316/4] 在馆    
4 0171655   000986008   第一样本阅览室/ [索取号:G316/4] 在馆    
5 0171656   000985937   密集书库/ [索取号:G316/4] 在馆    
6 0171657   000985982   密集书库/ [索取号:G316/4] 在馆    
7 0453971   204539712   密集书库/ [索取号:G316/4] 在馆    
唐山师范学院图书馆 欢迎您!
大连网信软件有限公司© 版权所有